| 000 | 00958nam a22002777a 4500 | ||
|---|---|---|---|
| 005 | 20100602102010.0 | ||
| 008 | 100602t xxu||||| |||| 00| 0 eng d | ||
| 010 | _aENG-96263 | ||
| 020 |
_a9780070700437 _c325.00 |
||
| 020 |
_a0070700435 _c325.00 |
||
| 035 | _aEN-79796 | ||
| 037 | _bDBAD/PUB | ||
| 040 |
_aDPL _bEng |
||
| 082 | _a332.6 | ||
| 100 | _aEllis, Charles D. | ||
| 245 |
_aWinning the loser's game : _btimeless strategies for successful investing / _cby Charles D. Ellis |
||
| 250 | _a5th ed | ||
| 260 |
_aNew Delhi _bTata Mcgraw Hill _c2010 |
||
| 270 |
_a7, West Patel Nagar _bNew Delhi _e110008 |
||
| 300 |
_axix, 234p. : _bill. _c22 cm (pbk) |
||
| 500 | _aincludes index | ||
| 650 | _aInvestments. | ||
| 650 | _aInvestment analysis | ||
| 942 |
_2ddc _cEN _mELL _h332.6 |
||
| 999 |
_c36456 _d36456 |
||